A Pensarci Bene

Guardat en:
Dades bibliogràfiques
Autor principal: Carlo Villa
Format: Llibre
Idioma:idioma desconegut
Publicat: Societa' Fiorentina
Etiquetes: Afegir etiqueta
Sense etiquetes, Sigues el primer a etiquetar aquest registre!

MARC

LEADER 00000nam a2200000Ia 4500
001 R-492
003 CODICE-MESSINA
005 20260212102452.0
008 260211s9999 xx 000 0 und d
040 |c importazione_messina 
100 |a Carlo Villa 
245 2 |a A Pensarci Bene 
260 |b Societa' Fiorentina  
942 |2 ddc  |c BK 
952 |0 0  |1 0  |2 ddc  |4 0  |6 SCAFFALE_5_000000000000000__ROMANZI  |7 0  |9 31312  |a ME  |b ME  |d 2026-02-11  |l 0  |o SCAFFALE 5 - ROMANZI  |p R-492  |r 2026-02-11 23:52:28  |w 2026-02-11  |x [REVISIONARE]  |y BK 
999 |c 26976  |d 26976